000 01726nam a22002657i 4500
001 BINCO
003 CO-MdBIC
005 20240601221304.0
008 220423b2010 spaa|||| |||| 00| 0 spa d
020 _a9788498712278
040 _aCO-MdBIC
_bspa.
_cCO-MdBIC
_dCO-MdBIC
082 _223
_a860.8
_bAR659
100 _aAragüés Peleato, Ramón,
_d1975-
245 3 _aEl ombligo de Juanito
_c/ Ramón Aragüés Peleato ; ilustrado por Francesca Chessa
250 _aPrimera edición
260 1 _aEspaña:
_bOQO
_c[2010]
264 _c©2010
300 _a36 paginas
_b; ilustraciones a color
_c; 26 cm.
490 _aColección O
501 _aJuanito tenía cuatro años, y como todos los niños a esa edad, era muy curioso. Lo que más le gustaba en el mundo era explorar, y casi cada día hacía un nuevo descubrimiento. Papá le lavaba las orejas, las rodillas, los codos… Para apurar más, Juanito también se frotaba con jabón. De repente, se le hundió el dedo en un agujero de la barriga. ¿Qué había pasado?. El hallazgo le causó tanta intriga que, desde entonces, siempre estaba preguntando:¿Por qué tengo ombligo?. Y es que Juanito está en una de las etapas más divertidas de la infancia: la de las preguntas. Por eso quiere saber el porqué de todo, e interroga a papá, a su hermana mayor, al abuelo… Aprovechándose de la inocencia del pequeño, cada uno inventa una respuesta acerca del extraño agujero. Finalmente, la madre le desvela la verdadera razón de la existencia de su ombligo y, de paso, uno de los grandes misterios de la vida.
650 7 _9100
_aEducación infantil
650 7 _aLiteratura española
_97089
700 _aChessa, Francesca,
_d1964
_eilustradora
942 _cLGB
999 _c67778
_d67778